El penúltimo paisaje

Αποθηκεύτηκε σε:
Λεπτομέρειες βιβλιογραφικής εγγραφής
Κύριος συγγραφέας: Lehyt, Cristóbal (Συγγραφέας)
Μορφή: Βιβλίο
Γλώσσα:Ισπανικά
Αγγλικά
Έκδοση: Santiago Fundación Telefónica Chile 2009
Θέματα:
Ετικέτες: Προσθήκη ετικέτας
Δεν υπάρχουν, Καταχωρήστε ετικέτα πρώτοι!

MARC

LEADER 00000cam a2200000 a 4500
001 UCG6982
003 CL-VaPUC
008 110609e20090400CL |||||||||||||||||spa|d
041 0 7 |a spa  |2 CL-VaPUC 
041 0 7 |a eng  |2 CL-VaPUC 
082 0 4 |a 709.04  |b LEH  |2 21 
100 |a Lehyt, Cristóbal  |e author  |9 598857 
245 1 3 |a El penúltimo paisaje 
300 |a 188 p 
942 |c BK 
945 |d 20110609 00:00:00  |a dcastane 
260 |a Santiago  |b Fundación Telefónica Chile  |c 2009 
650 0 |a Arte moderno  |9 265333 
650 0 |a Arte contemporáneo  |9 338008 
650 0 |a Exposiciones de arte   |9 368328 
650 7 |a GALERIAS DE ARTE  |2 CL-VaPUC  |9 557497 
583 |a last modification  |c 20160607 03:29:05  |k Rodrigo Vera 
999 |c 345087  |d 345085 
952 |0 0  |1 0  |4 0  |6 709_040000000000000_LEH_2009  |7 0  |8 R  |9 443539  |a BIBART  |b BIBART  |d 2019-11-22  |i 4781937  |o 709.04 LEH 2009  |p 4781937  |r 2025-03-13  |w 2019-11-22  |y BK_R  |k ART 
952 |0 0  |1 0  |3 erb  |4 0  |6 709_040000000000000_LEH_2009  |7 0  |8 R  |9 443540  |a BIBART  |b BIBART  |i 529021K  |o 709.04 LEH 2009  |p 529021K  |r 2025-03-13  |w 2019-11-22  |y BK_R  |z Catalogado en:20160603  |k ART